000 00377nam a2200157Ia 4500
008 151213s9999 xx 000 0 und d
100 _aJ.Johnston
245 _aEconomics Methods
_cJ.Johnston
250 _a3rd
260 _aNew York
_bMc.Grow Hill Book
_c1984
300 _a2656 p.
650 _aEconomics
650 _aEconomics
700 _aJ.Johnston
999 _c1768
_d1768